Pool Re remit extends (Record no. 70856)

MARC details
000 -LEADER
fixed length control field 00792cam a2200205 4500
001 - CONTROL NUMBER
control field WB3828-11
008 - FIXED-LENGTH DATA ELEMENTS--GENERAL INFORMATION
fixed length control field 020731n2002 000 0 eng u
035 ## - SYSTEM CONTROL NUMBER
System control number (Sirsi) u119123
245 ## - TITLE STATEMENT
Title Pool Re remit extends
260 ## - PUBLICATION, DISTRIBUTION, ETC.
Date of publication, distribution, etc. 2002
490 ## - SERIES STATEMENT
Series statement HM Treasury Press Release
Volume/sequential designation (73/02) 23 July 2002, (3)
520 ## - SUMMARY, ETC.
Summary, etc. Government has announced extension of Pool Re insurance scheme to include September 11-type attacks as well as nuclear and biological contamination. Estimates that premiums will double. More details at www.hm-treasury.gov.uk www.hm-treasury.gov.uk/Newsroom_and_Speeches/Press/2002/press_73_02.cfm?
590 ## - LOCAL NOTE (RLIN)
Local note WB
650 ## - SUBJECT ADDED ENTRY--TOPICAL TERM
Topical term or geographic name entry element POOL RE
650 ## - SUBJECT ADDED ENTRY--TOPICAL TERM
Topical term or geographic name entry element TERRORISM INSURANCE
650 ## - SUBJECT ADDED ENTRY--TOPICAL TERM
Topical term or geographic name entry element TERRORIST ATTACKS
650 ## - SUBJECT ADDED ENTRY--TOPICAL TERM
Topical term or geographic name entry element PREMIUMS
690 ## - LOCAL SUBJECT ADDED ENTRY--TOPICAL TERM (OCLC, RLIN)
Topical term or geographic name as entry element Insurance
9 (RLIN) 6249
942 ## - ADDED ENTRY ELEMENTS (KOHA)
Suppress in OPAC 0
Holdings
Withdrawn status Lost status Source of classification or shelving scheme Damaged status Not for loan Home library Current library Shelving location Date acquired Total Checkouts Full call number Barcode Date last seen Copy number Price effective from Koha item type
    Dewey Decimal Classification     London London News article 31/07/2002   WB3828-11 119123-1001 06/08/2019 1 06/08/2019 News article